| 000 | 00485nam a2200181 4500 | ||
|---|---|---|---|
| 001 | 6004 | ||
| 005 | 20230410103619.0 | ||
| 008 | 060907n1995 dr spa | ||
| 020 | _a9977680620 | ||
| 035 | _9funglode6060 | ||
| 041 | _aES | ||
| 050 | 1 | 4 | _a130 F 1439.5 M828o 1995 |
| 100 | _aMorales, Abelardo | ||
| 245 | 1 |
_aOficios de paz y posguerra en Centroamérica / _cAbelardo Morales |
|
| 260 |
_aSan José : _b Editorama, _c1995 |
||
| 300 | _a185 p. | ||
| 942 |
_2lcc _cbk |
||
| 999 |
_c22445 _d22445 |
||